[Event "West Wales op"]
[Site "Swansea"]
[Date "2017.11.18"]
[Round "3"]
[White "Howells, Chris"]
[Black "Di Vetta, Andrew"]
[Result "1/2-1/2"]
[WhiteElo "1909"]
[BlackElo "1806"]
[PlyCount "125"]
[EventDate "2017.11.17"]
[EventType "swiss"]
[EventRounds "5"]
[EventCountry "WLS"]
[SourceTitle "EXT 2020"]
[Source "ChessBase"]
[SourceDate "2019.10.17"]
[SourceVersion "1"]
[SourceVersionDate "2019.10.17"]
[SourceQuality "1"]

1. d4 Nf6 2. c4 e6 3. Nf3 d5 4. cxd5 exd5 5. Bg5 Be7 6. Nc3 c6 7. e3 Be6 8. Bd3 h6 9. Bxf6 Bxf6 10. b4 0-0 11. 0-0 Nd7 12. b5 c5 13. dxc5 Nxc5 14. Rc1 Qb6 15. Be2 Rfd8 16. Nd4 Rac8 17. Bf3 Qa5 18. Nce2 Ne4 19. Nxe6 fxe6 20. Bxe4 Rxc1 21. Qxc1 dxe4 22. Qc4 Kh8 23. Ng3 a6 24. bxa6 Qxa6 25. Qxa6 bxa6 26. Nxe4 Be7 27. g3 Bb4 28. Rc1 a5 29. Rc2 e5 30. h4 Rd1+ 31. Kg2 a4 32. Nc3 Bxc3 33. Rxc3 Rd2 34. Ra3 g5 35. hxg5 hxg5 36. Rxa4 Kg7 37. g4 e4 38. Kg3 Kf6 39. Ra6+ Ke5 40. a4 Ra2 41. Ra5+ Kf6 42. Ra8 Ra1 43. a5 Kg7 44. a6 Rg1+ 45. Kh3 Ra1 46. a7 Kh7 47. Re8 Rxa7 48. Rxe4 Kg6 49. Re5 Ra3 50. Rf5 Rb3 51. Kg3 Rb1 52. f3 Rb2 53. e4 Re2 54. Rd5 Kf6 55. Rd6+ Kg7 56. Rd3 Kf6 57. Rd6+ Kg7 58. Rd4 Kf6 59. f4 Re3+ 60. Kf2 gxf4 61. Rd5 Rxe4 62. Kf3 Ra4 63. Rf5+ 1/2-1/2

[Event "South Wales New Year op-A"]
[Site "Bridgend"]
[Date "2017.01.08"]
[Round "4"]
[White "Dixon, Chris"]
[Black "Howells, Chris"]
[Result "1/2-1/2"]
[WhiteElo "1799"]
[BlackElo "1814"]
[PlyCount "65"]
[EventDate "2017.01.06"]
[EventType "swiss"]
[EventRounds "5"]
[EventCountry "WLS"]
[SourceTitle "EXT 2019"]
[Source "ChessBase"]
[SourceDate "2018.10.10"]
[SourceVersion "1"]
[SourceVersionDate "2018.10.10"]
[SourceQuality "1"]

1. Nf3 d5 2. g3 Nf6 3. Bg2 Bf5 4. 0-0 e6 5. d3 Nbd7 6. Nbd2 c6 7. b3 Be7 8. Bb2 Qc7 9. Qe1 Bg6 10. e4 dxe4 11. dxe4 h6 12. a3 0-0 13. e5 Nd5 14. c4 N5b6 15. Ne4 Nc5 16. Nxc5 Bxc5 17. Qe2 Rad8 18. Rfd1 Rxd1+ 19. Rxd1 Rd8 20. Rd2 Nc8 21. Qd1 Be7 22. Rxd8+ Qxd8 23. Qxd8+ Bxd8 24. Nd2 Kf8 25. Ne4 Bxe4 26. Bxe4 Nb6 27. Bd3 Bc7 28. f4 g6 29. Kf2 h5 30. Bd4 Nc8 31. h3 Ke8 32. Kf3 Bb6 33. Ke4 1/2-1/2